Top 20 Highest Grossing Animated Movies up to 2015 Quiz Stats

Quiz not verified by Sporcle

Challenge
Share
Tweet
Embed
Score 0/20 Timer 05:00
0 Plays Today
Money Answer % Correct
1,063,171,911Toy Story 3
85.1%
1,279,852,693Frozen
79.9%
919,838,758Shrek 2
71.1%
731,342,744Up
67.1%
936,743,261Finding Nemo
65.1%
987,483,777The Lion King
63.1%
798,958,162Shrek 3
61.4%
631,442,092The Incredibles
53.8%
743,559,607Monsters University
47.8%
970,761,885Despicable Me 2
39%
Money Answer % Correct
623,722,818Ratatouille
35.7%
632,786,000Big Hero 6
34.5%
660,940,780Ice Age 2
33.3%
886,686,817Ice Age 3
32.5%
618,909,935How to Train your Dragon 2
32.1%
877,244,782Ice Age 4
28.1%
746,921,274Madagascar 3
27.7%
631,744,560Kung Fu Panda
27.3%
752,600,867Shrek Forever After
20.9%
665,692,281Kung Fu Panda 2
20.5%

You're not logged in!

Compare scores with friends on all Sporcle quizzes.
Sign Up with Email
OR
Log In

You Might Also Like...

Show Comments

Extras

Top Quizzes Today


Score Distribution

Your Account Isn't Verified!

In order to create a playlist on Sporcle, you need to verify the email address you used during registration. Go to your Sporcle Settings to finish the process.